भारतीय रंगमंच परम्परा एवं प्रयोग/ (Record no. 212974)
[ view plain ]
| 000 -LEADER | |
|---|---|
| fixed length control field | 00986nam a22001937a 4500 |
| 005 - DATE AND TIME OF LATEST TRANSACTION | |
| control field | 20250808143105.0 |
| 010 ## - LCCN (DPL NO) | |
| LC control number | HIN-130195 |
| 020 ## - INTERNATIONAL STANDARD BOOK NUMBER | |
| International Standard Book Number | 1257893725650 |
| Terms of availability | 200.00 |
| 035 ## - SYSTEM CONTROL NUMBER | |
| System control number | HN-102541 |
| 037 ## - SOURCE OF ACQUISITION | |
| Source of stock number/acquisition | DBAD |
| 082 ## - DEWEY DECIMAL CLASSIFICATION NUMBER | |
| Classification number | 792.0954 |
| 100 ## - MAIN ENTRY--PERSONAL NAME | |
| Personal name | चक्रवर्ती, सुधांशु कुमार |
| 245 ## - TITLE STATEMENT | |
| Title | भारतीय रंगमंच परम्परा एवं प्रयोग/ |
| Statement of responsibility, etc | सुधांशु कुमार चक्रवर्ती |
| 250 ## - EDITION STATEMENT | |
| Edition statement | प्रथम |
| 260 ## - PUBLICATION, DISTRIBUTION, ETC. (IMPRINT) | |
| Place of publication, distribution, etc | नयी दिल्ली |
| Name of publisher, distributor, etc | जानकी दानी प्रकाशन |
| Date of publication, distribution, etc | 2020 |
| 270 ## - ADDRESS | |
| Address | 836,जीएच-3, साईंनाथ अपार्टमेंट, सेक्टर -28, रोहिणी, |
| City | नयी दिल्ली |
| Postal code | 110042 |
| Electronic mail address | jankidaniprakashan@gmail.com |
| Telephone number | 9801699936, 8789335785 |
| 300 ## - PHYSICAL DESCRIPTION | |
| Extent | 143 पृ. |
| Dimensions | 23 सेमी(सजिल्द) |
| 942 ## - ADDED ENTRY ELEMENTS (KOHA) | |
| Source of classification or shelving scheme | Dewey Decimal Classification |
| Item type | Hindi Books |
| Classification part | 792.0954 |
| Call number suffix | चक्रव |
| Withdrawn status | Lost status | Not for loan | Collection code | Home library | Current library | Date acquired | Source of acquisition | Cost, normal purchase price | Full call number | Barcode | Copy number | Cost, replacement price | Koha item type |
|---|---|---|---|---|---|---|---|---|---|---|---|---|---|
| Non-fiction | Central Library | Central Library | 08/08/2025 | DBAD | 200.00 | 792.0954 चक्रव | HN-102541 | 1 | 200.00 | Hindi Books |
